The Bin Ladens : oil, money, terrorism and the secret Saudi world (Record no. 425855)
[ view plain ]
| 000 -LEADER | |
|---|---|
| fixed length control field | 00303nam a2200097Ia 4500 |
| 082 ## - DEWEY DECIMAL CLASSIFICATION NUMBER | |
| Classification number | 953.8050922 COLL |
| 008 - FIXED-LENGTH DATA ELEMENTS--GENERAL INFORMATION | |
| fixed length control field | 210817s9999 xx 000 0 und d |
| 100 ## - MAIN ENTRY--PERSONAL NAME | |
| Personal name | COLL, Steve London, 2009 |
| 9 (RLIN) | 93092 |
| 245 #0 - TITLE STATEMENT | |
| Title | The Bin Ladens : oil, money, terrorism and the secret Saudi world |
| 942 ## - ADDED ENTRY ELEMENTS | |
| item type | Books |
No items available.